Statistics for Shapes and Symbols #2

Click here to take the quiz!

General Stats

  • This quiz has been taken 54,092 times
    (20,300 since last reset)
  • The average score is 15 of 20

Answer Stats

Answer% Correct
Cube
93%
Cone
92%
Mars Symbol
92%
Oval
92%
Peace Symbol
91%
Recycle
91%
Shamrock
90%
Anchor
88%
Spade
85%
Square Root
84%
Bluetooth
82%
Atom
77%
Spiral
73%
Rhombus
62%
Treble Clef
61%
Parallelogram
60%
Anarchy
59%
Biohazard
45%
Hang Loose
34%
Darwin Fish
26%

Score Distribution

Percentile by Number Answered

Percent of People with Each Score

Your Score History

You have not taken this quiz since the last reset